[Event "Ischia op 3rd"]
[Site "Ischia "]
[Date "2011.07.30"]
[Round "5"]
[White "Diotallevi, Maurizio"]
[Black "Melnikova, Yana"]
[Result "1/2-1/2"]
[WhiteElo "2049"]
[BlackElo "2236"]
[PlyCount "44"]
[EventDate "2011.07.26"]
[EventType "swiss"]
[EventRounds "9"]
[EventCountry "ITA"]
[SourceTitle "EXT 2014"]
[Source "ChessBase"]
[SourceDate "2013.11.20"]
[SourceVersion "1"]
[SourceVersionDate "2013.11.20"]
[SourceQuality "1"]

1. d4 g6 2. Nf3 Bg7 3. e4 d6 4. Be2 Nf6 5. Nc3 c5 6. 0-0 0-0 7. Re1 cxd4 8. Nxd4 Nc6 9. Be3 Nxd4 10. Bxd4 Be6 11. Qd2 Nd7 12. Bxg7 Kxg7 13. Qd4+ Kg8 14. Bc4 Bxc4 15. Qxc4 Rc8 16. Qd4 Qa5 17. Nd5 Rfe8 18. c4 Ne5 19. b3 Nc6 20. Qd3 Ne5 21. Qd4 Nc6 22. Qd3 Ne5 1/2-1/2

[Event "Ischia op 3rd"]
[Site "Ischia "]
[Date "2011.07.28"]
[Round "3"]
[White "Gregori, Giacomo"]
[Black "Melnikova, Yana"]
[Result "1-0"]
[WhiteElo "2005"]
[BlackElo "2236"]
[PlyCount "59"]
[EventDate "2011.07.26"]
[EventType "swiss"]
[EventRounds "9"]
[EventCountry "ITA"]
[SourceTitle "EXT 2014"]
[Source "ChessBase"]
[SourceDate "2013.11.20"]
[SourceVersion "1"]
[SourceVersionDate "2013.11.20"]
[SourceQuality "1"]

1. Nf3 c5 2. c4 g6 3. g3 Bg7 4. Bg2 e6 5. Nc3 Ne7 6. 0-0 Nbc6 7. d3 d5 8. cxd5 Nxd5 9. Nxd5 Qxd5 10. Be3 Qd6 11. Qc1 Nd4 12. Nxd4 Bxd4 13. Bxd4 cxd4 14. Qg5 0-0 15. Rac1 e5 16. Rc2 Be6 17. Bxb7 Rab8 18. Bf3 f6 19. Qd2 Bxa2 20. Qa5 Bb3 21. Rc6 Qb4 22. Qxa7 Rf7 23. Qa6 Kg7 24. Rfc1 Qd2 25. Rc7 Qxb2 26. Rxf7+ Bxf7 27. Rc7 Qb3 28. Qd6 Rf8 29. Bd5 Qa4 30. Qe7 1-0

[Event "Ischia op 3rd"]
[Site "Ischia "]
[Date "2011.07.26"]
[Round "1"]
[White "Calabrese, Claudio"]
[Black "Melnikova, Yana"]
[Result "0-1"]
[WhiteElo "1942"]
[BlackElo "2236"]
[PlyCount "58"]
[EventDate "2011.07.26"]
[EventType "swiss"]
[EventRounds "9"]
[EventCountry "ITA"]
[SourceTitle "EXT 2014"]
[Source "ChessBase"]
[SourceDate "2013.11.20"]
[SourceVersion "1"]
[SourceVersionDate "2013.11.20"]
[SourceQuality "1"]

1. d4 Nf6 2. Nf3 g6 3. Nbd2 d5 4. e3 Bg7 5. Be2 c5 6. c3 Nbd7 7. b4 b6 8. 0-0 0-0 9. Ba3 Qc7 10. Rc1 c4 11. b5 Re8 12. Qc2 Bb7 13. Rfe1 e5 14. Nxe5 Nxe5 15. dxe5 Rxe5 16. Bf3 Ne4 17. Bb4 Rae8 18. Rcd1 Rg5 19. h4 Rf5 20. a4 h5 21. Nf1 Bf6 22. Bxe4 Rxe4 23. Ng3 Rxh4 24. Nxf5 Qh2+ 25. Kf1 d4 26. Nxh4 Bxh4 27. e4 Qh1+ 28. Ke2 Qxg2 29. Rf1 Bxe4 0-1

[Event "Kuala Lumpur op 3rd"]
[Site "Kuala Lumpur"]
[Date "2010.04.07"]
[Round "2"]
[White "Melnikova, Yana"]
[Black "Lioe, Dede"]
[Result "1-0"]
[WhiteElo "2272"]
[BlackElo "2423"]
[PlyCount "67"]
[EventDate "2010.04.07"]
[EventType "swiss"]
[EventRounds "9"]
[EventCountry "MAS"]
[SourceTitle "CBM 135 Extra"]
[Source "ChessBase"]
[SourceDate "2010.05.04"]
[SourceVersion "1"]
[SourceVersionDate "2010.05.04"]
[SourceQuality "1"]

1. e4 c5 2. Nf3 e6 3. d4 cxd4 4. Nxd4 a6 5. Bd3 g6 6. c4 Bg7 7. Nf3 Nc6 8. Nc3 d6 9. 0-0 Ne5 10. Nxe5 dxe5 11. Be3 Ne7 12. Na4 Nc6 13. Bc5 Nd4 14. f4 exf4 15. Rxf4 b5 16. cxb5 axb5 17. Nb6 Qc7 18. Qc1 Rb8 19. Kh1 Ba6 20. Na4 Qc6 21. e5 Bh6 22. Be4 Qc7 23. Rxf7 Qxf7 24. Qxh6 bxa4 25. Bxd4 Rc8 26. Be3 Rf8 27. h3 Bb7 28. Bd3 Qd7 29. Rd1 Rf5 30. Qh4 Qc6 31. Qg4 Rd8 32. Rd2 Rf7 33. Bb5 Qxb5 34. Qxe6+ 1-0

[Event "Le Touquet op-A 24th"]
[Site "Le Touquet"]
[Date "2009.10.28"]
[Round "6"]
[White "Payen, Arnaud"]
[Black "Melnikova, Yana"]
[Result "1-0"]
[WhiteElo "2356"]
[BlackElo "2288"]
[PlyCount "143"]
[EventDate "2009.10.24"]
[EventType "swiss"]
[EventRounds "9"]
[EventCountry "FRA"]
[SourceTitle "EXT 2010"]
[Source "ChessBase"]
[SourceDate "2010.11.25"]
[SourceVersion "1"]
[SourceVersionDate "2010.11.25"]
[SourceQuality "1"]

1. d4 Nf6 2. Nf3 g6 3. Bf4 Bg7 4. e3 0-0 5. Be2 d5 6. 0-0 c5 7. c3 b6 8. Nbd2 Bb7 9. a4 Nbd7 10. Ne5 Ne4 11. Nxd7 Qxd7 12. Nxe4 dxe4 13. dxc5 Qxd1 14. Raxd1 e5 15. Bg5 f6 16. Bc4+ Kh8 17. Bh4 bxc5 18. Rd6 h5 19. Bg3 Rfc8 20. Rfd1 Rc7 21. Kf1 Rac8 22. Ke2 Rc6 23. R1d2 R8c7 24. Kd1 Kh7 25. a5 Kh6 26. Kc2 Bf8 27. Rd8 Be7 28. R8d7 Bc8 29. Rxc7 Rxc7 30. f3 exf3 31. gxf3 g5 32. h4 Rc6 33. hxg5+ Kxg5 34. Rg2 Kh6 35. Bd3 c4 36. Be4 Ra6 37. Bd5 Rxa5 38. Bxc4 Bb7 39. e4 Ra1 40. Bf2 f5 41. exf5 Bxf3 42. Rg6+ Kh7 43. Bg8+ Kh8 44. Bg3 Ra5 45. Be6 h4 46. Bxh4 Bxh4 47. Rh6+ Kg7 48. Rxh4 e4 49. b4 Re5 50. Kd2 e3+ 51. Ke1 e2 52. Rh3 Bc6 53. Bc4 Rxf5 54. Bd3 Rd5 55. Kxe2 a5 56. Rh7+ Kf8 57. Rc7 Be8 58. bxa5 Rxa5 59. Ke3 Rd5 60. Ke4 Rd7 61. Rc8 Re7+ 62. Kd4 Rd7+ 63. Ke3 Ke7 64. Bb5 Rd8 65. Rxd8 Kxd8 66. Bxe8 Kxe8 67. Ke4 Kd8 68. Kd4 Kc8 69. Kc4 Kb8 70. Kd5 Kb7 71. Kd6 Kc8 72. Kc6 1-0

[Event "Donostia (Women)"]
[Site "San Sebastian"]
[Date "2009.07.14"]
[Round "7"]
[White "Melnikova, Yana"]
[Black "Hamdouchi, Adina Maria"]
[Result "1/2-1/2"]
[WhiteElo "2285"]
[BlackElo "2324"]
[PlyCount "99"]
[EventDate "2009.07.07"]
[EventType "tourn"]
[EventRounds "9"]
[EventCountry "ESP"]
[EventCategory "3"]
[SourceTitle "CBM 131 Extra"]
[Source "ChessBase"]
[SourceDate "2009.09.03"]
[SourceVersion "2"]
[SourceVersionDate "2009.09.16"]
[SourceQuality "1"]

1. e4 d5 2. exd5 Qxd5 3. Nc3 Qa5 4. d4 Nf6 5. Nf3 c6 6. Bc4 Bf5 7. Bd2 e6 8. Nd5 Qd8 9. Nxf6+ gxf6 10. c3 Nd7 11. Nh4 Nb6 12. Bb3 Bd3 13. Qf3 Bc4 14. Bf4 Bxb3 15. axb3 Qd5 16. Bg3 f5 17. 0-0 Be7 18. Rfe1 Qxf3 19. Nxf3 Nd5 20. Bh4 Rg8 21. Bxe7 Kxe7 22. Ra5 a6 23. Kf1 Kf6 24. Ne5 Rad8 25. Nd3 h5 26. Ra4 Ke7 27. Nc5 Rb8 28. Rd1 Kd6 29. Rd3 Kc7 30. Rf3 Rg7 31. Nd3 Rbg8 32. g3 Rh8 33. h4 Rd8 34. Ra1 Rh7 35. Re1 a5 36. Nf4 Nxf4 37. Rxf4 Rg7 38. Ke2 Rg4 39. Ke3 Rdg8 40. Kf3 Kd6 41. Ra1 b6 42. Rxg4 fxg4+ 43. Kf4 Rg6 44. Re1 f6 45. Re4 Rg8 46. Ke3 Ke7 47. f3 f5 48. Re5 gxf3 49. Kxf3 Kf6 50. Re2 1/2-1/2

[Event "Varna op 3rd"]
[Site "Varna"]
[Date "2009.06.18"]
[Round "8"]
[White "Melnikova, Yana"]
[Black "Sychev, Klementy"]
[Result "0-1"]
[WhiteElo "2264"]
[BlackElo "2126"]
[PlyCount "54"]
[EventDate "2009.06.12"]
[EventType "swiss"]
[EventRounds "9"]
[EventCountry "BUL"]
[SourceTitle "CBM 130 Extra"]
[Source "ChessBase"]
[SourceDate "2009.07.02"]
[SourceVersion "2"]
[SourceVersionDate "2009.07.15"]
[SourceQuality "1"]

1. e4 c5 2. Nf3 d6 3. d4 cxd4 4. Nxd4 Nf6 5. Nc3 a6 6. Be3 e6 7. Be2 Be7 8. 0-0 0-0 9. f4 Qc7 10. Qe1 b5 11. Bf3 Bb7 12. e5 dxe5 13. fxe5 Nfd7 14. Bxb7 Qxb7 15. Qg3 Kh8 16. Rf4 Nc6 17. Nxc6 Qxc6 18. Rg4 b4 19. Ne2 Qxc2 20. Nd4 Qxb2 21. Rd1 Rg8 22. Nc6 Bc5 23. Bxc5 Nxc5 24. Rxb4 Qc2 25. Qf3 Ne4 26. Rxe4 Qxc6 27. h3 Rad8 0-1

[Event "Varna op 3rd"]
[Site "Varna"]
[Date "2009.06.16"]
[Round "6"]
[White "Melnikova, Yana"]
[Black "Malinarski, Yehuda"]
[Result "1/2-1/2"]
[WhiteElo "2264"]
[BlackElo "2101"]
[PlyCount "52"]
[EventDate "2009.06.12"]
[EventType "swiss"]
[EventRounds "9"]
[EventCountry "BUL"]
[SourceTitle "CBM 130 Extra"]
[Source "ChessBase"]
[SourceDate "2009.07.02"]
[SourceVersion "2"]
[SourceVersionDate "2009.07.15"]
[SourceQuality "1"]

1. e4 c5 2. Nf3 e6 3. d4 cxd4 4. Nxd4 Nf6 5. Nc3 d6 6. Be2 Be7 7. 0-0 0-0 8. Be3 Nc6 9. f4 e5 10. Nf5 Bxf5 11. exf5 d5 12. fxe5 Nxe5 13. Bd4 Nc6 14. Bf2 Rc8 15. Bf3 Ne5 16. Kh1 Nc4 17. Nxd5 Nxd5 18. Qxd5 Qxd5 19. Bxd5 Nxb2 20. Bb3 b6 21. Bd4 Bf6 22. Bxf6 gxf6 23. Rf4 Rfd8 24. Kg1 b5 25. Rc1 Rc7 26. Rg4+ Kf8 1/2-1/2

[Event "Varna op 3rd"]
[Site "Varna"]
[Date "2009.06.13"]
[Round "2"]
[White "Melnikova, Yana"]
[Black "Chrzaszcz, Malvina"]
[Result "0-1"]
[WhiteElo "2264"]
[BlackElo "2040"]
[PlyCount "58"]
[EventDate "2009.06.12"]
[EventType "swiss"]
[EventRounds "9"]
[EventCountry "BUL"]
[SourceTitle "CBM 130 Extra"]
[Source "ChessBase"]
[SourceDate "2009.07.02"]
[SourceVersion "2"]
[SourceVersionDate "2009.07.15"]
[SourceQuality "1"]

1. e4 c5 2. Nf3 d6 3. d4 cxd4 4. Nxd4 Nf6 5. Nc3 a6 6. Be2 e5 7. Nb3 Be7 8. g4 Be6 9. g5 Nfd7 10. h4 Nc6 11. Be3 b5 12. Nd5 Bxd5 13. exd5 Na5 14. Qd2 Nxb3 15. axb3 Nc5 16. b4 Nd7 17. h5 Qc8 18. 0-0-0 Bd8 19. g6 a5 20. Bxb5 axb4 21. Kb1 Ra5 22. Qxb4 0-0 23. h6 fxg6 24. hxg7 Rf7 25. c4 Nc5 26. Kc1 Ra1+ 27. Kc2 Qf5+ 28. Kc3 Ba5 29. Rxa1 Qd3# 0-1

[Event "Dubai op 11th"]
[Site "Dubai"]
[Date "2009.05.03"]
[Round "8"]
[White "Melnikova, Yana"]
[Black "Girinath, PDS"]
[Result "0-1"]
[WhiteElo "2264"]
[BlackElo "2404"]
[PlyCount "52"]
[EventDate "2009.04.26"]
[EventType "swiss"]
[EventRounds "9"]
[EventCountry "UAE"]
[SourceTitle "CBM 130 Extra"]
[Source "ChessBase"]
[SourceDate "2009.07.02"]
[SourceVersion "2"]
[SourceVersionDate "2009.07.15"]
[SourceQuality "1"]

1. e4 c5 2. Nf3 e6 3. d4 cxd4 4. Nxd4 a6 5. Bd3 Nf6 6. Qe2 d6 7. c4 g6 8. Nc3 Bg7 9. 0-0 0-0 10. Kh1 Nbd7 11. Nb3 b6 12. Bf4 Qc7 13. Rfd1 Bb7 14. Rac1 Nh5 15. Be3 Nc5 16. Nd2 f5 17. Bxc5 dxc5 18. Nf3 Rad8 19. Qc2 Nf4 20. exf5 gxf5 21. Ne1 Rf6 22. Ne2 Nxe2 23. Qxe2 Rh6 24. f4 Rxh2+ 25. Kxh2 Qxf4+ 26. Kh3 Be5 0-1

[Event "BL 0809 (Women)"]
[Site "Germany"]
[Date "2009.03.07"]
[Round "8.2"]
[White "Melnikova, Yana"]
[Black "Juergens, Vera"]
[Result "1-0"]
[WhiteElo "2264"]
[BlackElo "2282"]
[PlyCount "69"]
[EventDate "2008.11.08"]
[EventType "team-tourn"]
[EventRounds "11"]
[EventCountry "GER"]
[SourceTitle "EXT 2010"]
[Source "ChessBase"]
[SourceDate "2010.11.25"]
[SourceVersion "1"]
[SourceVersionDate "2010.11.25"]
[SourceQuality "1"]
[WhiteTeam "Bad Koenigshofen (W)"]
[BlackTeam "Hamburger SK (W)"]
[WhiteTeamCountry "GER"]
[BlackTeamCountry "GER"]

1. e4 d5 2. exd5 Nf6 3. Nf3 Nxd5 4. c4 Nb6 5. c5 Nd5 6. Bc4 c6 7. d4 g6 8. Nc3 Bg7 9. Qb3 0-0 10. Bxd5 cxd5 11. Qxd5 Nc6 12. Be3 Bg4 13. Ne5 Nxe5 14. dxe5 Qc7 15. f4 Rad8 16. Qc4 Be6 17. Qe2 Bf5 18. Rd1 Rxd1+ 19. Qxd1 Rd8 20. Qf3 Rd3 21. 0-0 h5 22. h3 Qd7 23. Rd1 Be6 24. Rxd3 Qxd3 25. c6 bxc6 26. Bxa7 Qxf3 27. gxf3 Bxh3 28. a4 f6 29. Bd4 Kf7 30. Ne4 fxe5 31. fxe5 Bc8 32. Nc5 e6 33. a5 Bf8 34. Ne4 Bb4 35. Bc5 1-0

[Event "BL 0809 (Women)"]
[Site "Germany"]
[Date "2008.11.09"]
[Round "2.4"]
[White "Kachiani Gersinska, Ketino"]
[Black "Melnikova, Yana"]
[Result "0-1"]
[WhiteElo "2371"]
[BlackElo "2264"]
[PlyCount "114"]
[EventDate "2008.11.08"]
[EventType "team-tourn"]
[EventRounds "11"]
[EventCountry "GER"]
[SourceTitle "EXT 2010"]
[Source "ChessBase"]
[SourceDate "2010.11.25"]
[SourceVersion "1"]
[SourceVersionDate "2010.11.25"]
[SourceQuality "1"]
[WhiteTeam "Baden-Baden (W)"]
[BlackTeam "Bad Koenigshofen (W)"]
[WhiteTeamCountry "GER"]
[BlackTeamCountry "GER"]

1. d4 Nf6 2. c4 g6 3. Nc3 Bg7 4. e4 d6 5. Be2 0-0 6. Bg5 c5 7. d5 e5 8. Qd2 a6 9. f3 Qa5 10. g4 h5 11. h3 Nbd7 12. Bd3 Rb8 13. Nge2 b5 14. Ng3 bxc4 15. Be2 Nh7 16. Bh4 hxg4 17. hxg4 Qb4 18. Rb1 Re8 19. Bd1 Ndf8 20. Nf1 Bd7 21. Ne3 Bh6 22. a3 Qa5 23. Bd8 Bxe3 24. Bxa5 Bxd2+ 25. Kxd2 Rb7 26. Be2 Reb8 27. Kc2 Ng5 28. Rhf1 Nh3 29. Bxc4 Bb5 30. b3 Nf4 31. a4 Bd7 32. Ne2 g5 33. Ng3 f6 34. Bd2 Ra8 35. Rh1 N8g6 36. Nf5 Bxf5 37. gxf5 Nh4 38. Rbf1 a5 39. Bb5 Rh7 40. Rhg1 Raa7 41. Rg4 Kf8 42. Kd1 Nhg2 43. Rf2 Rh1+ 44. Kc2 Nh4 45. Rg3 Nh5 46. Rg4 Nf4 47. Rg3 Nh5 48. Rg4 Rh3 49. Be2 Nf4 50. Bd1 Rh1 51. Rg3 Ke7 52. Bc3 Nxd5 53. exd5 Nxf5 54. Rfg2 Ne3+ 55. Kd2 Nxd1 56. Ba1 Nf2 57. Rg1 Rh4 0-1

[Event "Aegean op 31st"]
[Site "Aghios Kirykos"]
[Date "2008.07.17"]
[Round "6"]
[White "Melnikova, Yana"]
[Black "Lekic, Dusan"]
[Result "1/2-1/2"]
[WhiteElo "2256"]
[BlackElo "2377"]
[PlyCount "76"]
[EventDate "2008.07.12"]
[EventType "swiss"]
[EventRounds "9"]
[EventCountry "GRE"]
[SourceTitle "CBM 125 Extra"]
[Source "ChessBase"]
[SourceDate "2008.09.01"]
[SourceVersion "1"]
[SourceVersionDate "2008.09.01"]
[SourceQuality "1"]

1. e4 c5 2. Nf3 d6 3. d4 cxd4 4. Nxd4 Nf6 5. Nc3 Nc6 6. Be3 Ng4 7. Bb5 Nxe3 8. fxe3 Bd7 9. 0-0 e6 10. Bxc6 bxc6 11. Qf3 Qf6 12. Qxf6 gxf6 13. Rxf6 Bg7 14. Rf3 Rb8 15. b3 c5 16. Nde2 Bc6 17. Raf1 Rb7 18. Rg3 Be5 19. Rg4 h5 20. Rh4 f6 21. Nd1 Rg7 22. g3 Rg4 23. Rxg4 hxg4 24. Nf2 Rg8 25. Nf4 Ke7 26. Rd1 a5 27. Kf1 a4 28. Rb1 f5 29. exf5 exf5 30. c4 axb3 31. axb3 Ra8 32. Ng6+ Kf6 33. Nxe5 Kxe5 34. Rb2 Bf3 35. Ke1 Rh8 36. Nd3+ Ke4 37. Nf2+ Ke5 38. Nd3+ Ke4 1/2-1/2

[Event "RUS-chT (Women)"]
[Site "Dagomys"]
[Date "2008.04.06"]
[Round "5"]
[White "Tarasova, Viktoriya"]
[Black "Melnikova, Yana"]
[Result "1/2-1/2"]
[WhiteElo "2276"]
[BlackElo "2259"]
[PlyCount "101"]
[EventDate "2008.04.02"]
[EventType "team"]
[EventRounds "9"]
[EventCountry "RUS"]
[SourceTitle "CBM 123 Extra"]
[Source "ChessBase"]
[SourceDate "2008.05.06"]
[SourceVersion "1"]
[SourceVersionDate "2008.05.06"]
[SourceQuality "1"]

1. d4 Nf6 2. c4 c5 3. d5 g6 4. Nc3 d6 5. e4 Bg7 6. h3 0-0 7. Nf3 e6 8. Bd3 exd5 9. cxd5 Re8 10. 0-0 Na6 11. Re1 Nc7 12. a4 Rb8 13. Rb1 Na6 14. Nb5 Qb6 15. Nd2 Nb4 16. Nc4 Qd8 17. Nbxd6 Rf8 18. Rf1 Bd7 19. Bg5 h6 20. Bh4 Qc7 21. Bg3 Qd8 22. Ne5 Nh5 23. Ndxf7 Rxf7 24. Nxf7 Kxf7 25. Bxb8 Qxb8 26. Bc4 Qd6 27. g3 Bxh3 28. f4 Bd4+ 29. Kh2 Qd7 30. e5 Qf5 31. d6+ Ke8 32. Bb5+ Nc6 33. Qf3 Kd7 34. Be2 Qe6 35. b3 Bf5 36. Bc4 Qe8 37. Rbd1 Ng7 38. Kg2 h5 39. Be2 Ne6 40. Qd5 Qd8 41. Rh1 Qb6 42. Bf3 Bc2 43. Rc1 Bxb3 44. Qe4 Qb4 45. Qxg6 Qd2+ 46. Kh3 Bxe5 47. Bxc6+ bxc6 48. Qf7+ Kc8 49. Qe8+ Kb7 50. Qd7+ Kb8 51. Qe8+ 1/2-1/2

[Event "RUS-chT (Women)"]
[Site "Dagomys"]
[Date "2008.04.04"]
[Round "3"]
[White "Melnikova, Yana"]
[Black "Tairova, Elena"]
[Result "0-1"]
[WhiteElo "2259"]
[BlackElo "2412"]
[PlyCount "108"]
[EventDate "2008.04.02"]
[EventType "team"]
[EventRounds "9"]
[EventCountry "RUS"]
[SourceTitle "CBM 123 Extra"]
[Source "ChessBase"]
[SourceDate "2008.05.06"]
[SourceVersion "1"]
[SourceVersionDate "2008.05.06"]
[SourceQuality "1"]

1. Nf3 d5 2. g3 c6 3. Bg2 Bg4 4. 0-0 Nd7 5. d3 Ngf6 6. c4 e6 7. b3 Bd6 8. Bb2 0-0 9. Re1 e5 10. e4 d4 11. a3 a5 12. h3 Bh5 13. Nbd2 Ne8 14. Qc2 f6 15. Nh4 Nc7 16. Bf3 Bf7 17. Bg4 Re8 18. Kh2 Ne6 19. Bxe6 Bxe6 20. Ng2 c5 21. Bc1 a4 22. b4 cxb4 23. axb4 Bxb4 24. Rxa4 Qb6 25. Re2 Nc5 26. Rxa8 Rxa8 27. Nb3 Na4 28. Bd2 Bxd2 29. Rxd2 Nc3 30. Nc1 Bd7 31. Qb2 Qe6 32. g4 b6 33. Ne1 h5 34. f3 Kf7 35. Nc2 hxg4 36. fxg4 Rh8 37. Rg2 Rb8 38. Na2 Na4 39. Qa3 b5 40. cxb5 Bxb5 41. Nab4 Qd6 42. g5 Qe6 43. Nd5 fxg5 44. Rxg5 g6 45. Nc7 Qe7 46. Qb3+ Kg7 47. Ne6+ Kh6 48. Rg2 Rb6 49. Ng5 Kg7 50. h4 Nc3 51. Qa3 Rb7 52. Qa8 Rc7 53. Nf3 Bxd3 54. Qa3 Bxe4 0-1

[Event "BL2 Sued 0708 (Women)"]
[Site "Germany"]
[Date "2008.03.16"]
[Round "7.4"]
[White "Melnikova, Yana"]
[Black "Uhlendorf, Kristina"]
[Result "1/2-1/2"]
[WhiteElo "2283"]
[BlackElo "2094"]
[PlyCount "215"]
[EventDate "2007.11.10"]
[EventType "team-tourn"]
[EventRounds "7"]
[EventCountry "GER"]
[SourceTitle "EXT 2009"]
[Source "ChessBase"]
[SourceDate "2008.11.26"]
[SourceVersion "1"]
[SourceVersionDate "2008.11.26"]
[SourceQuality "1"]
[WhiteTeam "Bad Koenigshofen (W)"]
[BlackTeam "Zeulenroda (W)"]
[WhiteTeamCountry "GER"]
[BlackTeamCountry "GER"]

1. e4 c6 2. d4 d5 3. e5 Bf5 4. f4 e6 5. c3 c5 6. Nf3 Nc6 7. Nbd2 Qb6 8. Nb3 c4 9. Nbd2 Nge7 10. b3 cxb3 11. axb3 Ng6 12. g3 h5 13. h3 Be7 14. Ba3 Bxa3 15. Rxa3 f6 16. Be2 h4 17. g4 Be4 18. exf6 gxf6 19. Nxe4 dxe4 20. Nd2 Nxf4 21. Nxe4 Ke7 22. Qd2 e5 23. 0-0 Nxd4 24. cxd4 Qxd4+ 25. Qxd4 Nxe2+ 26. Kg2 Nxd4 27. Rxf6 Rhf8 28. Rxf8 Kxf8 29. Nc5 b6 30. Nd7+ Ke7 31. Nxe5 Kf6 32. Nd7+ Kg5 33. Nxb6 Rb8 34. Ra5+ Kg6 35. Nd5 Rxb3 36. Nf4+ Kf6 37. Nh5+ Kg6 38. Rxa7 Rb2+ 39. Kf1 Ne6 40. Ra6 Kf7 41. Ra5 Rb3 42. Rf5+ Ke7 43. Kg2 Rb2+ 44. Rf2 Rb3 45. Ra2 Ng5 46. Ra7+ Kd6 47. Ra6+ Ke7 48. Ra7+ Kd6 49. Ra5 Rb2+ 50. Kf1 Nxh3 51. Rf5 Rc2 52. g5 Nxg5 53. Rxg5 Ke6 54. Nf4+ Kf6 55. Rh5 Ra2 56. Ng2 Ra4 57. Nxh4 Ra2 58. Ng2 Kg6 59. Rb5 Kf6 60. Kg1 Ke6 61. Kh2 Ra3 62. Nf4+ Kd6 63. Kg2 Kc6 64. Rh5 Kd6 65. Kf2 Kc6 66. Ng2 Kd6 67. Ne3 Ke6 68. Kf3 Kf6 69. Rc5 Rb3 70. Kf4 Rb4+ 71. Nc4 Ke6 72. Kg5 Rb1 73. Re5+ Kd7 74. Kf5 Rf1+ 75. Ke4 Re1+ 76. Ne3 Kd6 77. Rh5 Re2 78. Kd3 Ra2 79. Nc4+ Ke6 80. Kd4 Rg2 81. Re5+ Kf6 82. Ne3 Rd2+ 83. Ke4 Re2 84. Rf5+ Ke6 85. Ra5 Kd6 86. Kd3 Rh2 87. Ra6+ Kc5 88. Ra5+ Kd6 89. Nc2 Rh3+ 90. Kc4 Rh4+ 91. Nd4 Rg4 92. Rd5+ Ke7 93. Rf5 Kd6 94. Rd5+ Ke7 95. Kc5 Kf6 96. Rf5+ Kg6 97. Rf2 Re4 98. Kd5 Re1 99. Ne2 Ra1 100. Ke4 Ra4+ 101. Nd4 Ra8 102. Nc6 Re8+ 103. Ne5+ Kg5 104. Rf5+ Kh4 105. Kf3 Re6 106. Ng4 Ra6 107. Ne3 Ra3 108. Rb5 1/2-1/2

[Event "New Delhi Parsvnath op 6th"]
[Site "New Delhi"]
[Date "2008.01.15"]
[Round "5"]
[White "Thapa, Krishna"]
[Black "Melnikova, Yana"]
[Result "1-0"]
[WhiteElo "2144"]
[BlackElo "2283"]
[PlyCount "49"]
[EventDate "2008.01.13"]
[EventType "swiss"]
[EventRounds "10"]
[EventCountry "IND"]
[SourceTitle "CBM 122 Extra"]
[Source "ChessBase"]
[SourceDate "2008.03.04"]
[SourceVersion "1"]
[SourceVersionDate "2008.03.04"]
[SourceQuality "1"]

1. d4 Nf6 2. c4 g6 3. Nf3 Bg7 4. g3 0-0 5. Bg2 d6 6. Nc3 Nc6 7. 0-0 Bd7 8. e4 e5 9. dxe5 Nxe5 10. Nxe5 dxe5 11. Qc2 c6 12. Be3 Qc7 13. Rad1 Be6 14. b3 Rfd8 15. h3 Nd7 16. Rd2 f5 17. Bg5 Nf6 18. Rfd1 h6 19. Bxf6 Bxf6 20. exf5 gxf5 21. h4 Qg7 22. Rd6 Kf7 23. Qe2 Be7 24. Qh5+ Kf6 25. Ne4+ 1-0

[Event "BL2 Sued 0708 (Women)"]
[Site "Germany"]
[Date "2007.12.01"]
[Round "3.2"]
[White "Melnikova, Yana"]
[Black "Jussupow, Ekaterina"]
[Result "1/2-1/2"]
[WhiteElo "2311"]
[BlackElo "2071"]
[PlyCount "81"]
[EventDate "2007.11.10"]
[EventType "team-tourn"]
[EventRounds "7"]
[EventCountry "GER"]
[SourceTitle "EXT 2009"]
[Source "ChessBase"]
[SourceDate "2008.11.26"]
[SourceVersion "1"]
[SourceVersionDate "2008.11.26"]
[SourceQuality "1"]
[WhiteTeam "Bad Koenigshofen (W)"]
[BlackTeam "Krumbach (W)"]
[WhiteTeamCountry "GER"]
[BlackTeamCountry "GER"]

1. d4 d5 2. Nc3 Nf6 3. f3 Bf5 4. Bg5 Nbd7 5. Nxd5 Nxd5 6. e4 h6 7. Bd2 e5 8. Qe2 exd4 9. exd5+ Qe7 10. 0-0-0 0-0-0 11. Qb5 Qc5 12. Qxc5 Bxc5 13. b4 Bb6 14. c4 dxc3 15. Bxc3 Nf6 16. Bc4 Rhe8 17. Bxf6 gxf6 18. Ne2 Re3 19. Kb2 Rg8 20. Ng3 Bg6 21. Rd2 a5 22. a3 Rd8 23. Rhd1 Rd6 24. f4 axb4 25. axb4 Be4 26. Nf1 f5 27. Nxe3 Bxe3 28. Re2 Bxf4 29. Rh1 Rg6 30. Kb3 Bd6 31. Ra1 Bxh2 32. Ra8+ Kd7 33. Bb5+ c6 34. dxc6+ bxc6 35. Ra7+ Kd6 36. Rd2+ Ke5 37. Bf1 Bf4 38. Ra5+ Bd5+ 39. Rdxd5+ cxd5 40. Ra2 Kd6 41. b5 1/2-1/2

[Event "Aegean op 30th"]
[Site "Aghios Kirykos"]
[Date "2007.07.07"]
[Round "1"]
[White "Melnikova, Yana"]
[Black "Xylogiannopoulos, Antonios"]
[Result "1/2-1/2"]
[WhiteElo "2310"]
[BlackElo "1930"]
[PlyCount "50"]
[EventDate "2007.07.07"]
[EventType "swiss"]
[EventRounds "9"]
[EventCountry "GRE"]
[SourceTitle "CBM 119 Extra"]
[Source "ChessBase"]
[SourceDate "2007.09.04"]
[SourceVersion "1"]
[SourceVersionDate "2007.09.04"]
[SourceQuality "1"]

1. e4 c5 2. Nf3 a6 3. c4 Nc6 4. d4 cxd4 5. Nxd4 e6 6. Nxc6 dxc6 7. Qc2 Nf6 8. Bd3 Bb4+ 9. Nd2 e5 10. 0-0 0-0 11. a3 Be7 12. c5 Bxc5 13. Bxa6 Bxf2+ 14. Rxf2 Rxa6 15. Nb3 Nxe4 16. Qxe4 Qd1+ 17. Rf1 Qxb3 18. Qxe5 Qd5 19. Qxd5 cxd5 20. Rd1 Be6 21. Be3 Rc8 22. Rac1 Rac6 23. Kf2 Kf8 24. Rxc6 Rxc6 25. Rc1 Rc4 1/2-1/2

[Event "RUS-chT (Women)"]
[Site "Sochi"]
[Date "2007.05.09"]
[Round "9"]
[White "Kuzevanova, Evgenia"]
[Black "Melnikova, Yana"]
[Result "0-1"]
[WhiteElo "2176"]
[BlackElo "2305"]
[PlyCount "120"]
[EventDate "2007.05.01"]
[EventType "team"]
[EventRounds "11"]
[EventCountry "RUS"]
[SourceTitle "CBM 118 Extra"]
[Source "ChessBase"]
[SourceDate "2007.07.04"]
[SourceVersion "1"]
[SourceVersionDate "2007.07.04"]
[SourceQuality "1"]

1. e4 c5 2. Nf3 Nc6 3. Bb5 d6 4. d4 cxd4 5. Qxd4 Bd7 6. Bxc6 Bxc6 7. Nc3 Nf6 8. Bg5 e6 9. 0-0-0 Be7 10. Rhe1 0-0 11. Kb1 a6 12. Qd2 Rc8 13. Nd4 b5 14. Nxc6 Rxc6 15. f3 b4 16. Bxf6 Bxf6 17. Ne2 a5 18. Nd4 Rc4 19. Ne2 Qc8 20. g4 Rd8 21. g5 Be7 22. Nd4 a4 23. f4 d5 24. b3 Rc3 25. e5 Bc5 26. Nb5 Rf3 27. Rf1 Rxf1 28. Rxf1 d4 29. Qd3 Qa6 30. Kc1 axb3 31. axb3 Qc6 32. Rd1 Rd5 33. Qc4 Qd7 34. Kb2 g6 35. h4 Bf8 36. Nd6 Bxd6 37. exd6 Qxd6 38. h5 gxh5 39. Rd3 h4 40. Qc8+ Kg7 41. Qc4 Qxf4 42. Qxb4 Qxg5 43. Rf3 Qe5 44. Rd3 h3 45. Qe7 Rc5 46. Qh4 Rc3 47. Rxd4 Rg3 48. Ka2 Qg5 49. Qxg5+ Rxg5 50. Rh4 Rg2 51. Kb2 h2 52. b4 Kg6 53. b5 Rg5 54. Rxh2 Rxb5+ 55. Kc3 h5 56. Kd4 Rd5+ 57. Ke3 f5 58. c4 Re5+ 59. Kd4 Re4+ 60. Kd3 e5 0-1